000 01404nam a2200265Ia 4500
999 _c38810
_d38810
001 5179
003 GE_BSU
005 20190619154727.0
008 181216s1979||||ge |||||||||||||| ||geo||
040 _cGE_BSU
041 _ageo
080 _a66 : 658.5(075.1) ა-59
245 _aამოცანათა კრებული ქიმიურ საწარმოთა ორგანიზაციასა და დაგეგმვაში /
_cშემდგ. : თ. გაჩეჩილაძე, ი. როყვა, მ. მახარაძე, ლ. ლომაია ; რედ. ე. კირვალიძე
264 _aთბილისი :
_bსპი,
_c1979.
300 _a92 გვ. ;
_c20 სმ.
653 _aამოცანები ქიმიურ საწარმოთა ორგანიზაციასა და დაგეგმვაში
653 _aქიმია
700 _aგაჩეჩილაძე, თ.
_eშემდგენელი
_91316
700 _aროყვა, ი.
_eშემდგენელი
_92613
700 _aმახარაძე, მ.
_eშემდგენელი
_92614
700 _aლომაია, ლ.
_eშემდგენელი
_92615
700 _aკირვალიძე, ე.
_eრედაქტორი
_92616
711 _a
_92617
942 _cBK
_2udc